Ekonomická štatistika

Salvato in:
Dettagli Bibliografici
Autore principale: Kovačka, Milan
Ente Autore: Vysoká škola ekonomická v Bratislave. Fakulta riadenia
Natura: Libro
Lingua:slovacco
Pubblicazione: Bratislava Vysoká škola ekonomická 1984
Tags: Aggiungi Tag
Nessun Tag, puoi essere il primo ad aggiungerne!!

MARC

LEADER 00000nam a2200000 4500
001 c116721
005 20190107111402.6
041 0 |a slo 
044 |a SK 
245 1 0 |a Ekonomická štatistika  |c Milan Kovačka a kol. 
264 1 |a Bratislava  |b Vysoká škola ekonomická  |c 1984 
300 |a 326 s. 
100 1 |a Kovačka, Milan 
710 2 |a Vysoká škola ekonomická v Bratislave. Fakulta riadenia